Space

Bibliographic Details
Format: Book
Published: United Kingdom : Aureole Publishing , 2004
Series:Amazing facts
Subjects:

MARC

LEADER 00000cam a2200000 7i4500
001 0000006242
005 20220105104020.0
008 070815
020 |a 8189274066 
090 0 0 |a JP   |b NH ENG (6663) 
245 1 0 |a Space 
260 |a United Kingdom :   |b Aureole Publishing ,   |c 2004 
440 |a Amazing facts 
500 |a Children age 4-6 years old (yellow) 
650 0 |a Natural history   |x Juvenile literature 
999 |a 0000984551   |b Book   |c Children Collection   |e Perbadanan Perpustakaan Awam Johor 
999 |a 0000984553   |b Book   |c Children Collection   |e Cawangan Tmn. Ungku Tun Aminah 
999 |a 0000984554   |b Book   |c Children Collection   |e Perbadanan Perpustakaan Awam Johor 
999 |a 0001055761   |b Book   |c Children Collection   |e Cawangan Tangkak 
999 |a 0001139429   |b Book   |c Children Collection   |e Cawangan Tmn. Ungku Tun Aminah